Bright wind of the Spirit: (Record no. 17238)

000 -LEADER
fixed length control field 00563nam a2200193 a 4500
001 - CONTROL NUMBER
control field :::00021076$&:&@@
003 - CONTROL NUMBER IDENTIFIER
control field OkBaRHE
005 - DATE AND TIME OF LATEST TRANSACTION
control field 20070216154834.0
008 - FIXED-LENGTH DATA ELEMENTS--GENERAL INFORMATION
fixed length control field s1972 j 000 0 eng u
020 ## - INTERNATIONAL STANDARD BOOK NUMBER
International Standard Book Number 0-89276-951-3
040 ## - CATALOGING SOURCE
Transcribing agency
100 1# - MAIN ENTRY--PERSONAL NAME
Personal name Durasoff, Steve
245 10 - TITLE STATEMENT
Title Bright wind of the Spirit:
Remainder of title Pentecostalism today
260 ## - PUBLICATION, DISTRIBUTION, ETC. (IMPRINT)
Place of publication, distribution, etc Tulsa,OK
Name of publisher, distributor, etc Rhema Bible Church
Date of publication, distribution, etc 1972
300 ## - PHYSICAL DESCRIPTION
Extent 233p
650 ## - SUBJECT ADDED ENTRY--TOPICAL TERM
Topical term or geographic name as entry element Pentecostalism
942 ## - ADDED ENTRY ELEMENTS (KOHA)
Source of classification or shelving scheme
Koha item type Books
Copies
Withdrawn status Lost status Not for loan Damaged status Source of classification or shelving scheme Date acquired Barcode Full call number Date last seen Copy number Price effective from Koha item type Shelving location Permanent Location
     2010-04-1421076BX 8763 .D872010-04-1412010-04-14BooksGeneral StacksRHEMA Bible Training College